000 01052nab a22002537a 4500
999 _c5471
_d5471
003 OSt
005 20251113134025.0
008 190604e xxu||||| |||| 00| 0 spa d
040 _cPJ
100 _95170
_aFinocchiaro, Enzo
245 1 0 _aReincidencia, reiterancia y suma aritmética. Comentario a la ley 27.785 /
_cEnzo Finocchiaro.
260 _aCiudad Autónoma de Buenos Aires :
_bThomson Reuters La Ley,
_c2025.
300 _ap. 22-26
500 _aCita Online: TR LALEY AR/DOC/1796/2025.
505 _aSumario: I. Introducción.— II. La ley 27.785.— III. Conclusiones.
505 _t¿Te interesa el texto completo? Solicitalo al correo: koha@justierradelfuego.gov.ar
650 0 _92478
_aCODIGO PENAL
650 0 _92500
_aCODIGO PROCESAL PENAL
650 0 _92589
_aPOLITICA CRIMINAL
650 0 _9186
_aPODER LEGISLATIVO
650 0 _93006
_aREINCIDENCIA
773 0 _02714
_93171
_dCiudad Autónoma de Buenos Aires : Thomson Reuters La Ley, 2014-
_tRevista anales de legislación argentina. Nº 8 - Agosto 2025.
942 _2udc
_cANA